000 00595nam a2200217Ii 4500
001 1156
003 CO-ViMGA
008 241108s9999||||xx |||||||||||||| ||und||
020 _a9806437209
040 _aCO-ViMGA
_bspa
_erda
_cCO-ViMGA
041 0 _aspa
084 _aP CHE2
100 1 _aDavid Chericián
_945987
245 1 0 _aABC
264 1 _a[Lugar de publicación no identificado] : Playco, 2002
300 _avolumen
336 _atext
_btxt
_2rdacontent
337 _aunmediated
_bn
_2rdamedia
338 _avolume
_bnc
_2rdacarrier
940 _aidficha_siabuc: 1134. -- ficha_no_siabuc:1156
999 _c40528
_d40528